00377pab a2200133 454500008004000000100002100040245008300061260000900144300001300153362000800166650002200174650001700196773003000213180718b2006 xxu||||| |||| 00| 0 eng d aHester, Marianne aMaking in through the criminal justice system: attrition and domestic violence c2006 ap.79-90. aJan aDomestic violence aCriminal law aSocial Policy and Society